<?xml version="1.0" encoding="UTF-8"?>
<record
    xmlns:xsi="http://www.w3.org/2001/XMLSchema-instance"
    xsi:schemaLocation="http://www.loc.gov/MARC21/slim http://www.loc.gov/standards/marcxml/schema/MARC21slim.xsd"
    xmlns="http://www.loc.gov/MARC21/slim">

  <leader>00818nam a22001577a 4500</leader>
  <controlfield tag="008">120423s2007    ua|||||r|||| 000 0 ara d</controlfield>
  <datafield tag="082" ind1=" " ind2=" ">
    <subfield code="a">179.2</subfield>
    <subfield code="b">&#x62A; &#x642; &#x631;</subfield>
  </datafield>
  <datafield tag="100" ind1=" " ind2=" ">
    <subfield code="9">29724</subfield>
    <subfield code="a">&#x628;&#x64A;&#x646;&#x647;&#x64A;&#x631;&#x648; &#x60C; &#x628;&#x627;&#x648;&#x644;&#x648; &#x633;&#x64A;&#x631;&#x62C;&#x64A;&#x648;</subfield>
  </datafield>
  <datafield tag="245" ind1=" " ind2=" ">
    <subfield code="a">&#x627;&#x644;&#x62A;&#x642;&#x631;&#x64A;&#x631; &#x627;&#x644;&#x639;&#x627;&#x644;&#x645;&#x64A; &#x628;&#x634;&#x623;&#x646; &#x627;&#x644;&#x639;&#x646;&#x641; &#x636;&#x62F; &#x627;&#x644;&#x623;&#x637;&#x641;&#x627;&#x644; /</subfield>
    <subfield code="c"> &#x627;&#x644;&#x645;&#x62C;&#x644;&#x633; &#x627;&#x644;&#x642;&#x629;&#x645;&#x64A; &#x644;&#x644;&#x623;&#x645;&#x648;&#x645;&#x629; &#x648;&#x627;&#x644;&#x637;&#x641;&#x648;&#x644;&#x629; &#x628;&#x645;&#x635;&#x631;&#x61B; &#x628;&#x627;&#x648;&#x644;&#x648; &#x633;&#x64A;&#x631;&#x62C;&#x64A;&#x648; &#x628;&#x64A;&#x646;&#x647;&#x64A;&#x631;&#x648;</subfield>
  </datafield>
  <datafield tag="260" ind1=" " ind2=" ">
    <subfield code="a">&#x627;&#x644;&#x642;&#x627;&#x647;&#x631;&#x629; :</subfield>
    <subfield code="b">Virgin Graphics&#x60C;</subfield>
    <subfield code="c">2007</subfield>
  </datafield>
  <datafield tag="300" ind1=" " ind2=" ">
    <subfield code="a">364 &#x635; :</subfield>
    <subfield code="b">&#x623;&#x64A;&#x636; &#x61B;</subfield>
    <subfield code="c">22 &#x633;&#x645;</subfield>
  </datafield>
  <datafield tag="650" ind1=" " ind2=" ">
    <subfield code="9">29723</subfield>
    <subfield code="a">&#x627;&#x644;&#x642;&#x633;&#x648;&#x629; &#x639;&#x644;&#x649; &#x627;&#x644;&#x623;&#x637;&#x641;&#x627;&#x644;</subfield>
  </datafield>
  <datafield tag="710" ind1=" " ind2=" ">
    <subfield code="9">29725</subfield>
    <subfield code="a">&#x627;&#x644;&#x645;&#x62C;&#x644;&#x633; &#x627;&#x644;&#x642;&#x648;&#x645;&#x64A; &#x644;&#x644;&#x623;&#x645;&#x648;&#x645;&#x629; &#x648;&#x627;&#x644;&#x637;&#x641;&#x648;&#x644;&#x629;</subfield>
  </datafield>
  <datafield tag="942" ind1=" " ind2=" ">
    <subfield code="2">ddc</subfield>
    <subfield code="c">BB</subfield>
  </datafield>
  <datafield tag="999" ind1=" " ind2=" ">
    <subfield code="c">16688</subfield>
    <subfield code="d">16688</subfield>
  </datafield>
  <datafield tag="952" ind1=" " ind2=" ">
    <subfield code="0">0</subfield>
    <subfield code="1">0</subfield>
    <subfield code="2">ddc</subfield>
    <subfield code="4">0</subfield>
    <subfield code="7">0</subfield>
    <subfield code="8">Alef-Baa</subfield>
    <subfield code="a">MAIN</subfield>
    <subfield code="b">MAIN</subfield>
    <subfield code="c">LOW</subfield>
    <subfield code="d">2012-04-23</subfield>
    <subfield code="e">purchase</subfield>
    <subfield code="o">179.2 &#x62A; &#x642; &#x631;</subfield>
    <subfield code="p">000026677</subfield>
    <subfield code="r">2025-07-15 00:00:00</subfield>
    <subfield code="s">2019-10-10</subfield>
    <subfield code="y">BB</subfield>
  </datafield>
</record>
